header

Communication in the presidential primaries (Record no. 24242)

MARC details
000 -LEADER
fixed length control field 01648nam a2200361 a 4500
082 04 - DEWEY DECIMAL CLASSIFICATION NUMBER
Classification number 324.7/0973/0904
100 1# - MAIN ENTRY--AUTHOR NAME
Personal name Kendall, Kathleen E.,
245 10 - TITLE STATEMENT
Title Communication in the presidential primaries
260 ## - PUBLICATION, DISTRIBUTION, ETC. (IMPRINT)
Place of publication Westport, Conn. :
Name of publisher Praeger,
Year of publication c2000.
300 ## - PHYSICAL DESCRIPTION
Number of Pages xiv, 257 p.
490 1# - SERIES STATEMENT
Series statement Praeger series in political communication,
650 #0 - SUBJECT ADDED ENTRY--TOPICAL TERM
Topical Term Presidents
Topical Term Primaries
Topical Term Communication in politics
Topical Term Rhetoric
Topical Term Mass media
856 40 - ELECTRONIC LOCATION AND ACCESS
Uniform Resource Identifier http://site.ebrary.com/lib/rucke/Doc?id=10020858

No items available.

© 2026 Rongo University
Contact us: librarian | system librarian | Rongo university